| 000 | 00953cam a2200301 i 4500 | ||
|---|---|---|---|
| 001 | 31179 | ||
| 005 | 20230410124133.0 | ||
| 008 | 790302s1979 enka b 001 0 eng | ||
| 035 | _9(DLC) 78040526 | ||
| 035 | _a3211003 | ||
| 010 | _a78040526 | ||
| 015 | _aGB*** | ||
| 020 |
_a0710087284 : _cยน12.50 |
||
| 040 |
_aDLC _cDLC _dDLC |
||
| 043 |
_ae-fr--- _ae-uk-en |
||
| 050 | 1 | 4 |
_aNA 5541 _bK91g 1979 |
| 100 | 1 |
_aKraus, Henry, _d1905- |
|
| 245 | 1 | 0 |
_aGold was the mortar : _bthe economics of cathedral building / _cHenry Kraus. |
| 260 |
_aLondon ; _aBoston : _bRoutledge & Kegan Paul, _c1979. |
||
| 300 |
_axv, 292 p. : _bill. ; _c26 cm. |
||
| 504 | _aIncludes bibliographical references and index. | ||
| 650 | 0 |
_aCatholic church buildings _zFrance _xHistory. |
|
| 650 | 0 |
_aCathedrals _zFrance. |
|
| 650 | 0 |
_aCathedrals _zEngland _zYork. |
|
| 650 | 0 |
_aCathedrals _zFrance _xHistory. |
|
| 650 | 0 |
_aChurch fund raising _xHistory. |
|
| 942 |
_2lcc _cbk |
||
| 999 |
_c71742 _d71742 |
||